|
|
|
|
| LEADER |
00000nam0a2200000 4500 |
| 001 |
170581 |
| 005 |
20241126163454.0 |
| 010 |
|
|
|a 5855501477
|
| 035 |
|
|
|a (RuTPU)RU\TPU\book\184986
|
| 090 |
|
|
|a 170581
|
| 100 |
|
|
|a 20091124d2003 m y0rusy50 ca
|
| 101 |
0 |
|
|a rus
|
| 102 |
|
|
|a RU
|
| 105 |
|
|
|a a j 001zy
|
| 200 |
1 |
|
|a История Отечества с древнейших времен до наших дней
|e пособие для школьников и абитуриентов
|f О. Г. Вронский, Д. В. Колосов, А. И. Родин
|
| 210 |
|
|
|a Москва
|c Славянский дом книги
|d 2003
|
| 215 |
|
|
|a 761 с.
|c ил.
|
| 225 |
1 |
|
|a Экзамен на "отлично"
|
| 320 |
|
|
|a Словарь: с. 746-753.
|
| 330 |
|
|
|a Подобие в доступной форме дает представление об истории возникновения, формирования и развития Российского государства с древнейших времен до современности. Пособие составлено в соответствии с правилами и программами вступительных экзаменов для поступающих в высшие учебные заведения. Пособие может быть использовано учениками и преподавателями при изучении предмета «История» в средних общеобразовательных школах, гимназиях, лицеях.
|
| 606 |
|
|
|a Россия
|x История
|2 stltpush
|3 (RuTPU)RU\TPU\subj\64777
|9 81526
|
| 610 |
1 |
|
|a Древняя Русь
|
| 610 |
1 |
|
|a феодальная раздробленность
|
| 610 |
1 |
|
|a монгольское нашествие
|
| 610 |
1 |
|
|a Московское царство
|
| 610 |
1 |
|
|a Смутное время
|
| 610 |
1 |
|
|a Российская империя
|
| 610 |
1 |
|
|a дворцовые перевороты
|
| 610 |
1 |
|
|a либеральный абсолютизм
|
| 610 |
1 |
|
|a реформы
|
| 610 |
1 |
|
|a Советская Россия
|
| 610 |
1 |
|
|a СССР
|
| 610 |
1 |
|
|a Вторая мировая война 1939-1945
|
| 610 |
1 |
|
|a оттепель
|
| 610 |
1 |
|
|a Российская Федерация
|
| 610 |
1 |
|
|a учебные пособия
|
| 686 |
|
|
|a Т3(2)я7
|2 rubbk
|
| 700 |
|
1 |
|a Вронский
|b О. Г.
|g Олег Генрихович
|
| 701 |
|
1 |
|a Колосов
|b Д. В.
|g Дмитрий Владимирович
|
| 701 |
|
1 |
|a Родин
|b А. И.
|g Алексей Игнатьевич
|
| 801 |
|
1 |
|a RU
|b 63413507
|c 20091124
|
| 801 |
|
2 |
|a RU
|b 63413507
|c 20120621
|g RCR
|
| 942 |
|
|
|c BK
|